Normal view MARC view
  • A.I.R

Entry Corporate Name

Number of records used in: 14

001 - CONTROL NUMBER

  • control field: 5791

003 - CONTROL NUMBER IDENTIFIER

  • control field: OSt

005 - DATE AND TIME OF LATEST TRANSACTION

  • control field: 20200606114711.0

008 - FIXED-LENGTH DATA ELEMENTS

  • fixed length control field: 200606|| aca||aabn | a|a d

040 ## - CATALOGING SOURCE

  • Original cataloging agency: OSt
  • Transcribing agency: OSt

110 ## - HEADING--CORPORATE NAME

  • Corporate name or jurisdiction name as entry element: A.I.R

670 ## - SOURCE DATA FOUND

  • Source citation: Work cat.: (OSt): A.I.R, A.I.R 1996 (V- 83) ORISSA SEC.